000 00855nam a22002297a 4500
999 _c15905
_d15905
003 AR-CdUCM
008 190430b ||||| |||| 00| 0 spa d
040 _aMUNICIPALIDAD PROVINCIAL DEL CUSCO
_cBIBLIOTECA MUNICIPAL DEL CUSCO
082 _22ed.
_a183 /
_bB84
100 _aBrochard, Víctor
_935124
245 _aEstudios sobre Sócrates y Platón /
260 _aBuenos Aires :
_bLosada,
_c1945.
300 _a228 páginas ;
_c20 cm.
440 _aBiblioteca filosófica ;
_915046
505 _aContenido: La obra de Sócrates -- Los mitos en la filosofía de Platón -- Sobre el banquete de Platón -- El devenir en la filosofía de Platón ...
650 _aFilosofía antigua
_95338
650 _aSócrates
_99985
650 _aPlatón
_917186
700 _aOstrou, León (traducción)
_935125
942 _2ddc
_cLIBROS
945 _aacv
_d2019-04-30